[Event "HCL-B208"]
[Site "www.playchess.de"]
[Date "2001.03.03"]
[Round "6"]
[White "dakini"]
[Black "patzer"]
[WhiteElo "1188"]
[BlackElo "1250"]
[PlyCount "110"]
[Result "0-1"]

1.e4 c5 2.Nf3 {Ich kann sizilianisch nicht leiden 
...}  d6 {Spiele ich gerne bis ich in eine 
unbekannte Variante komme :)}  3.d4 cxd4 {Ich 
mache mal ne Pause. Bis später...!}  4.Nxd4 Nf6 
5.Nc3 a6 6.Bg5 e6 7.Bxf6 Qxf6 8.Be2 Nc6 9.Nxc6 
{Ein zwei Züge mache ich noch, dann ist erst mal 
Abendbrot angesagt}  bxc6 {Bin auch nur noch paar 
Minuten am Rechner. Vielleicht schaue ich spät 
abends noch rein...}  10.O-O Be7 11.Bf3 Bd7 12.a3 
O-O 13.Re1 e5 14.Bg4 Bxg4 15.Qxg4 {Gehen bei Dir 
die anderen Partien auch so schleppend voran?}  
Qe6 {Momentan bin ich eher überlastet. In den ACL 
Partien ziehe ich daher erst später...}  16.Qxe6 
{Ich freue michschon auf die Pause, wenn die 
Partien hier rum sind und ich wieder bei HCL-C 
anfangen}  fxe6 {In "C" gibt es auch starke 
Spieler. Da sich viele als Anfänger anmelden und 
somit in "C" landen...}  17.b4 {In "B" sind aber 
auch einige Neueinsteiger gelandet... Was machen 
wir gegen die Sucht?}  a5 {Einfach weiterspielen! 
:)}  18.b5 {Na gut. Bis 17.00 bin ich noch 
online.}  cxb5 19.Nxb5 Rac8 20.Rec1 Rc4 21.f3 d5 
22.exd5 exd5 23.Rcd1 d4 24.Rd3 Rxc2 25.Re1 {Jetzt 
habe ich aber Mist gebaut, zuweit gedacht und das 
Naheliegende übersehen ...}  Bf6 {Jetzt muss ich 
aufpassen das ich meinem Namen nicht alle Ehre 
mache...}  26.g3 Rfc8 27.f4 R2c1 28.Rdd1 Rxd1 
29.Rxd1 {Bis später ... wir müssen los}  exf4 
{Viel Spaß!  Bis später...}  30.gxf4 Rd8 31.Kf2 
Kf7 32.Kf3 {Guten Morgen! Na, ausgeschlafen, Du 
bist spät dran heute! *schmunzel*}  Kg6 {Ich bitte 
um Entschuldigung! ;) Hin und wieder kann ich eine 
größere Pause gebrauchen...}  33.Ke4 {Es sei Dir 
verziehen}  Kh5 {Bin nur noch paar Minuten online. 
Wollte noch zu einem Freund gehen. Bis dann...}  
34.Nxd4 {Bis nachher dann!}  Rxd4+ 35.Rxd4 {Aha!}  
Bxd4 {Paar Züge m ü s s e n noch sein! :)}  
36.Kxd4 Kg4 37.Ke4 {Ich schätze, das eine Tempo 
wird Dir reichen ... grrrhhh}  Kh3 {Denke ich 
auch. Werde wohl öfters Sizilianisch spielen. So, 
jetzt muss ich aber wirklich los...}  38.f5 
{Vielleicht habe ich jetzt doch noch eine Chance!} 
 Kxh2 {Sorry für die Verzögerung! Habe früher 
keine Zeit gefunden...}  39.Kf4 Kh3 40.Kf3 {Ich 
konnte jetzt meine Partien deutlich reduzieren. 
Leider ziehen die übbriggebliebenen nur kleckerw}  
h5 {Heute habe ich nach der Pause erst richtig 
gemerkt das meine Partienliste doch etwas zu lang 
ist...}  41.Kf4 {Hab jetzt nur noch 12 oder 14 ... 
Die letzten aber alle verloren. Die hier spielen 
wir jetzt zuende}  h4 {Ich habe ungefähr 30 Das 
aber auch nur weil es schleppend vorangeht falls 
man selbst keine Pause mac}  42.Kg5 {Bekommen wir 
die Partie in der nächsten halben Stunde hin?}  
Kg3 {Können wir probieren! :) Bleibe noch am 
Rechner...}  43.Kh5 {Oder remis? Ichkann es 
nochnicht ganz abschätzen ...}  h3 {Remis? Wie 
möchtest Du meinen h-Bauern aufhalten?}  44.Kg6 
{Das war nur ein kleiner Scherz zum Schluß! Ich 
möchte gratulieren. du spielst "B" . Ich steige 
demnä}  h2 {Danke! Ich bin mir aber sicher das Du 
wieder in "B" spielen wirst! Bist Du noch auf 
Schachspiel.de ?}  45.Kxg7 {Schachspiel.de: Alles 
beendet. Ichhab mir ein bißchen Material zum 
Lernen besorgt. Liest sich gut, i}  h1Q {%}  46.f6 
{Was bedeutet das Zeichen "%"?}  Qg1 {Passiert 
immer beim umwandeln. Aber warum "%" weis ich auch 
nicht...}  47.f7 Kf4+ 48.Kf6 Qg5+ 49.Ke6 Qe5+ 
50.Kd7 Qf6 51.Ke8 {So finito! Gratuliere ! Bis 
dann mal wieder in diesem Hause. Viel Erfolg bis 
dahin *schmunzel*}  Qe6+ {Danke, wird schon schief 
gehen :)  Bis dann...}  52.Kf8 {Hali! !!! Doch 
noch nicht!}  Kg5 {Ich hasse Mattsuche...}  53.a4 
{Es soll Dir nicht erspart bleiben ... zum 
Abschied!}  Kg6 {Ist hier zum Glück nicht allzu 
schwer...}  54.Kg8 {:-) Wir müssen hier gleich los 
...}  Qxf7+ {Ich will Dich so schnell wie möglich 
wieder in "B" sehen!!}  55.Kh8 {Halt die Ohren 
steif!}  Qg7+ 0-1

[Event "HCL-A094"]
[Site "www.playchess.de"]
[Date "2001.03.03"]
[Round "5"]
[White "Gorodish"]
[Black "Hubble"]
[WhiteElo "1733"]
[BlackElo "1631"]
[PlyCount "27"]
[Result "1-0"]

1.d4 d5 2.c4 e6 3.Nc3 Bb4 4.Qa4+ Nc6 5.e3 Nge7 
6.Nf3 Bd7 7.Qc2 O-O 8.a3 Bxc3+ 9.bxc3 b6 10.Bd3 
Ng6 11.cxd5 exd5 12.c4 dxc4 13.Qxc4 Be6 
14.Qxc6 1-0

[Event "HCL-C209"]
[Site "www.playchess.de"]
[Date "2001.03.03"]
[Round "33"]
[White "Niloc"]
[Black "fossa"]
[WhiteElo "702"]
[BlackElo "1000"]
[PlyCount "38"]
[Result "0-1"]

1.d4 e6 2.e4 d5 3.e5 c5 4.c3 Qb6 5.b3 cxd4 6.cxd4 
Bb4+ 7.Bd2 Nc6 8.Qg4 Nxd4 9.Qxg7 Nc2+ 10.Kd1 Bxd2 
11.Kxc2 Bf4 12.Nf3 Qxf2+ 13.Kd1 Bd7 14.Qxh8 Qb2 
15.Qxg8+ Ke7 16.Ng5 Qc1+ 17.Ke2 Bb5+ 18.Kf3 Qe3+ 
19.Kg4 Rxg8 0-1

[Event "HCL-C209"]
[Site "www.playchess.de"]
[Date "2001.03.03"]
[Round "36"]
[White "lsoule"]
[Black "Niloc"]
[WhiteElo "971"]
[BlackElo "702"]
[PlyCount "51"]
[Result "1-0"]

1.e4 {Hello again.}  e5 2.Nf3 Nc6 3.Bb5 Nf6 4.O-O 
Bc5 5.c3 d6 6.d4 exd4 7.cxd4 Bb6 8.d5 a6 9.Qa4 Bd7 
10.Bxc6 bxc6 11.dxc6 Be6 12.Nc3 Ng4 13.Ng5 Bxf2+ 
14.Rxf2 Nxf2 15.Nxe6 Qh4 16.Nxc7+ Kd8 17.Nxa8 Ke7 
18.Nd5+ Ke6 19.Nac7+ Ke5 20.Bf4+ Qxf4 21.Nxf4 Kxf4 
22.Kxf2 Rc8 23.Nd5+ Ke5 24.c7 Ke6 25.Qxa6 g6 
26.Qxc8+ 1-0

[Event "HCL-B221"]
[Site "www.playchess.de"]
[Date "2001.03.03"]
[Round "4"]
[White "assmonkey"]
[Black "lonewolf"]
[WhiteElo "917"]
[BlackElo "1200"]
[PlyCount "30"]
[Result "0-1"]

1.e4 {Good luck}  c5 {Thanks,you too}  2.Nf3 Nc6 
3.d4 cxd4 4.Nxd4 Qa5+ 5.Nc3 e6 6.Bc4 Nxd4 7.Qxd4 
Nf6 8.O-O Bc5 9.Qd3 Qc7 10.Re1 Ng4 11.Be3 Bxe3 
12.fxe3 Qxh2+ 13.Kf1 Qh1+ 14.Ke2 Qxg2+ 15.Kd1 
Nf2+ 0-1

[Event "ACL-A118"]
[Site "www.playchess.de"]
[Date "2001.03.03"]
[Round "3"]
[White "foxzy"]
[Black "julianlore"]
[WhiteElo "1211"]
[BlackElo "1500"]
[PlyCount "38"]
[Result "0-1"]

1.d4 Nf6 {Hi. Good Luck pall!}  2.c4 {Good 
afternoon!}  e6 3.e3 b6 4.Be2 Bb7 5.Bf3 c6 6.Ne2 
d5 7.cxd5 cxd5 8.O-O Bd6 9.g3 Nc6 10.Nbc3 Rc8 
11.Qc2 O-O 12.e4 dxe4 13.Bxe4 Nb4 14.Bxh7+ Nxh7 
15.Qd2 Nf6 16.Nb5 Be7 17.Nxa7 Ra8 18.Nb5 Qd5 
19.Nc7 Qg2+ 0-1

[Event "HCL-A030"]
[Site "www.playchess.de"]
[Date "2001.03.03"]
[Round "1"]
[White "CapnQuahog"]
[Black "FrenchKnight"]
[WhiteElo "1787"]
[BlackElo "1860"]
[PlyCount "39"]
[Result "1-0"]

1.e4 d6 2.d4 Nf6 3.Bd3 Nbd7 4.f4 e5 5.c3 exd4 
6.cxd4 Nb6 7.Nf3 Bg4 8.O-O Qd7 9.Nc3 O-O-O 10.Be3 
d5 11.e5 Re8 12.Qc2 g6 13.exf6 Rxe3 14.Ne5 Qe6 
15.Qd2 Rxd3 16.Qxd3 Qxf6 17.Nxg4 Qg7 18.f5 h5 
19.f6 Qh6 20.Nxh6 1-0

[Event "HCL-A030"]
[Site "www.playchess.de"]
[Date "2001.03.03"]
[Round "3"]
[White "FrenchKnight"]
[Black "Nils"]
[WhiteElo "1860"]
[BlackElo "2033"]
[PlyCount "35"]
[Result "1-0"]

1.d4 Nf6 2.Nc3 d5 3.e4 dxe4 4.f3 exf3 5.Nxf3 e6 
6.Bd3 Nc6 7.Be3 Be7 8.O-O Ng4 9.Qd2 Nb4 10.Bg5 
Bxg5 11.Nxg5 Qxd4+ 12.Kh1 Nxd3 13.cxd3 O-O 14.Rf4 
Qe3 15.Qxe3 Nxe3 16.Rf3 Nf5 17.Raf1 f6 
18.Nge4 1-0

[Event "HCL-A030"]
[Site "www.playchess.de"]
[Date "2001.03.03"]
[Round "4"]
[White "CapnQuahog"]
[Black "maze"]
[WhiteElo "1787"]
[BlackElo "1915"]
[PlyCount "46"]
[Result "1/2-1/2"]

1.e4 c5 2.Nf3 d6 3.c3 Nf6 4.Bd3 Nc6 5.h3 d5 6.exd5 
Qxd5 7.Bb5 Bf5 8.Na3 Bd3 9.Bxd3 Qxd3 10.Qe2 Rd8 
11.Qxd3 Rxd3 12.Ke2 Rd8 13.d4 cxd4 14.Nxd4 Nxd4+ 
15.cxd4 e6 16.Nc2 Nd5 17.Be3 Be7 18.Ne1 Rc8 19.Rc1 
Rxc1 20.Bxc1 Bf6 21.Be3 Ke7 22.Nf3 Rc8 23.Rc1 
Rxc1 1/2-1/2

[Event "HCL-A030"]
[Site "www.playchess.de"]
[Date "2001.03.03"]
[Round "5"]
[White "maze"]
[Black "FrenchKnight"]
[WhiteElo "1915"]
[BlackElo "1860"]
[PlyCount "37"]
[Result "1-0"]

1.e4 e5 2.Nf3 Nc6 3.d4 exd4 4.Nxd4 Nf6 5.Nxc6 bxc6 
6.e5 Qe7 7.Qe2 Nd5 8.c4 Nb6 9.Nd2 g6 10.Ne4 Bg7 
11.Bg5 Qb4+ 12.Qd2 Qxd2+ 13.Kxd2 Bxe5 14.Nf6+ Kf8 
15.Bh6+ Ke7 16.Bg7 Bxf6 17.Re1+ Kd6 18.Bxf6 Rg8 
19.Be7+ 1-0

[Event "HCL-A030"]
[Site "www.playchess.de"]
[Date "2001.03.03"]
[Round "6"]
[White "Nils"]
[Black "maze"]
[WhiteElo "2033"]
[BlackElo "1915"]
[PlyCount "37"]
[Result "1/2-1/2"]

1.e4 c5 2.d3 Nc6 3.Nc3 g6 4.Nf3 Bg7 5.Be3 d6 6.d4 
cxd4 7.Nxd4 Nf6 8.Bb5 Bd7 9.O-O O-O 10.Be2 Nxd4 
11.Bxd4 Bc6 12.Bf3 Re8 13.Qd3 Qc7 14.Rfe1 Nd7 
15.Bxg7 Kxg7 16.Qd4+ e5 17.Qd2 Rad8 18.Rad1 Nb6 
19.Qd3 1/2-1/2

[Event "HCL-A030"]
[Site "www.playchess.de"]
[Date "2001.03.03"]
[Round "7"]
[White "Guido"]
[Black "CapnQuahog"]
[WhiteElo "1564"]
[BlackElo "1787"]
[PlyCount "31"]
[Result "0-1"]

1.e4 e5 2.Nf3 f5 3.Nc3 Nf6 4.Nxe5 d6 5.Nc4 fxe4 
6.f3 d5 7.Ne5 Bd6 8.d4 exd3 9.e.p Nxd3 10.O-O Nf4 
11.c6 Bd3 12.Qc7 g3 13.Qb6 Nfe2 14.Bc5 Na4 15.Bf2+ 
Kf1 16.Bh3+ 0-1

[Event "HCL-A030"]
[Site "www.playchess.de"]
[Date "2001.03.03"]
[Round "9"]
[White "Guido"]
[Black "Nils"]
[WhiteElo "1564"]
[BlackElo "2033"]
[PlyCount "33"]
[Result "1-0"]

1.e4 e5 2.Nf3 Nc6 3.Bc4 Nf6 4.Ng5 d5 5.exd5 Nxd5 
6.d3 Bf5 7.Qf3 Nd4 8.Qxd5 Qxd5 9.Bxd5 Nxc2+ 10.Kd2 
Nxa1 11.Nxf7 Bb4+ 12.Nc3 Rf8 13.Bxb7 Kxf7 14.Bxa8 
Rxa8 15.b3 Rd8 16.Bb2 Rxd3+ 17.Ke2 1-0

[Event "HCL-A030"]
[Site "www.playchess.de"]
[Date "2001.03.03"]
[Round "10"]
[White "maze"]
[Black "Guido"]
[WhiteElo "1915"]
[BlackElo "1564"]
[PlyCount "61"]
[Result "1-0"]

1.e4 e5 2.Nf3 Nc6 3.d4 exd4 4.Nxd4 Nxd4 5.Qxd4 Nf6 
6.Nc3 c5 7.Qd3 Be7 8.Bf4 O-O 9.e5 Ne8 10.O-O-O Bg5 
11.g3 Bxf4+ 12.gxf4 Qh4 13.Qg3 Qh6 14.Ne4 Nc7 
15.Kb1 Ne6 16.f5 Nd4 17.Nd6 b6 18.Bg2 Ne2 19.Qa3 
Rb8 20.Qxa7 Ba6 21.Qxa6 Nd4 22.Qd3 f6 23.Bd5+ Ne6 
24.fxe6 fxe5 25.e7+ Kh8 26.exf8Q+ Rxf8 27.Nf7+ 
Rxf7 28.Bxf7 Qf6 29.Qxd7 h6 30.Qe8+ Kh7 
31.Qg8+ 1-0

[Event "HCL-B070"]
[Site "www.playchess.de"]
[Date "2001.03.03"]
[Round "10"]
[White "OObuc"]
[Black "Dictator"]
[WhiteElo "1056"]
[BlackElo "1075"]
[PlyCount "35"]
[Result "1-0"]

1.e4 e5 2.Bc4 Nf6 3.d3 d6 4.Nc3 Be7 5.Bg5 O-O 
6.Qf3 Bg4 7.Qg3 Nh5 8.Qxg4 Bxg5 9.Qxh5 Bd2+ 
10.Kxd2 b5 11.Nxb5 d5 12.Bxd5 c6 13.Bc4 cxb5 
14.Bxb5 a6 15.Bc4 Nd7 16.Nf3 a5 17.Ng5 Qc7 
18.Qxh7+ 1-0

[Event "HCL-B070"]
[Site "www.playchess.de"]
[Date "2001.03.03"]
[Round "11"]
[White "knight77"]
[Black "chessape"]
[WhiteElo "1200"]
[BlackElo "1314"]
[PlyCount "36"]
[Result "0-1"]

1.Nf3 d5 2.Ne5 f6 3.e3 fxe5 4.Bb5+ c6 5.Qh5+ g6 
6.Qxe5 Nf6 7.O-O cxb5 8.Nc3 Nc6 9.Qg5 Bg7 10.d4 
O-O 11.Nxb5 Ne4 12.Nd6 Nxg5 13.Nxc8 Rxc8 14.f4 Ne4 
15.f5 Rxf5 16.Rxf5 gxf5 17.c4 Qa5 18.a3 
Qe1+ 0-1

[Event "HCL-B070"]
[Site "www.playchess.de"]
[Date "2001.03.03"]
[Round "14"]
[White "chessape"]
[Black "OObuc"]
[WhiteElo "1314"]
[BlackElo "1056"]
[PlyCount "24"]
[Result "0-1"]

1.d4 d5 2.c4 Bf5 3.Nc3 c6 4.g3 Qa5 5.cxd5 cxd5 
6.Bg2 e6 7.Qa4+ Nc6 8.Qb5 Qb6 9.Qxb6 axb6 10.Nb5 
Bb4+ 11.Bd2 Ra5 12.a4 Bc2 0-1

[Event "HCL-B070"]
[Site "www.playchess.de"]
[Date "2001.03.03"]
[Round "16"]
[White "lostpawn2000"]
[Black "knight77"]
[WhiteElo "1767"]
[BlackElo "1200"]
[PlyCount "45"]
[Result "1-0"]

1.d4 d5 2.c4 dxc4 3.e4 e6 4.Bxc4 Bb4+ 5.Nc3 Qd6 
6.e5 Qxd4 7.Qxd4 Nc6 8.Bb5 Bxc3+ 9.Qxc3 Nge7 
10.Nf3 Nd5 11.Bxc6+ bxc6 12.Qxc6+ Bd7 13.Qxa8+ Ke7 
14.Qxh8 Be8 15.Bg5+ Nf6 16.exf6+ gxf6 17.Qxf6+ Kd7 
18.Qd8+ Kc6 19.Rc1+ Kb5 20.Qxe8+ c6 21.Qxc6+ Kb4 
22.Rc4+ Ka5 23.Bd2+ 1-0

[Event "HCL-B070"]
[Site "www.playchess.de"]
[Date "2001.03.03"]
[Round "18"]
[White "lostpawn2000"]
[Black "Whoaplayer"]
[WhiteElo "1767"]
[BlackElo "1200"]
[PlyCount "33"]
[Result "1-0"]

1.d4 d5 2.c4 c6 3.cxd5 cxd5 4.Nc3 e6 5.Bf4 Nd7 
6.e3 Bb4 7.a3 h6 8.axb4 Ngf6 9.Bd3 O-O 10.Nf3 b6 
11.Nb5 Bb7 12.Bd6 Re8 13.Nc7 a5 14.Nxa8 Bxa8 
15.Bb5 Kh8 16.Ne5 Rg8 17.Nxf7+ 1-0

[Event "HCL-B070"]
[Site "www.playchess.de"]
[Date "2001.03.03"]
[Round "19"]
[White "OObuc"]
[Black "lostpawn2000"]
[WhiteElo "1056"]
[BlackElo "1767"]
[PlyCount "48"]
[Result "0-1"]

1.b4 e5 2.Ba3 d5 3.Nf3 Bd6 4.Nc3 Nf6 5.e3 a5 6.Qb1 
Qe7 7.Qb3 axb4 8.Nxd5 Nxd5 9.Qxd5 Rxa3 10.Bc4 Be6 
11.Qb5+ c6 12.Qb6 Bc5 13.Qxc5 Qxc5 14.Bxe6 fxe6 
15.d4 Qc3+ 16.Ke2 Qxc2+ 17.Nd2 Rxa2 18.Rhc1 Qxd2+ 
19.Kf3 Rf8+ 20.Ke4 Qxf2 21.Kxe5 Qxe3+ 22.Kd6 Qxd4+ 
23.Kc7 Rf7+ 24.Kxb8 Qd8+ 0-1

[Event "HCL-B070"]
[Site "www.playchess.de"]
[Date "2001.03.03"]
[Round "20"]
[White "lostpawn2000"]
[Black "Dictator"]
[WhiteElo "1767"]
[BlackElo "1075"]
[PlyCount "53"]
[Result "1-0"]

1.d4 d5 2.c4 c5 3.dxc5 Qa5+ 4.Qd2 Qxd2+ 5.Bxd2 
dxc4 6.Nc3 Bf5 7.e4 Bg4 8.Bxc4 Be6 9.Bxe6 fxe6 
10.e5 Nc6 11.Nf3 O-O-O 12.Ng5 Nxe5 13.Ke2 Rxd2+ 
14.Kxd2 Nc4+ 15.Kc2 Nf6 16.Nxe6 Kb8 17.Rad1 a6 
18.Rd8+ Ka7 19.Rxf8 Rxf8 20.Nxf8 b6 21.c6 Kb8 
22.Rd1 e5 23.Ne6 e4 24.Rd8+ Ka7 25.c7 b5 26.c8Q 
Nb6 27.Qc7+ 1-0

[Event "HCL-B070"]
[Site "www.playchess.de"]
[Date "2001.03.03"]
[Round "31"]
[White "mrchess"]
[Black "Whoaplayer"]
[WhiteElo "1587"]
[BlackElo "1200"]
[PlyCount "35"]
[Result "1-0"]

1.d4 d5 2.c4 c6 3.Nc3 b6 4.cxd5 cxd5 5.Bf4 Nd7 
6.Nxd5 h6 7.Nc7+ Qxc7 8.Bxc7 Bb7 9.e3 Ngf6 10.Nf3 
e6 11.a3 Be7 12.Bb5 O-O 13.O-O a6 14.Bxd7 a5 
15.Bb5 Bxf3 16.Qxf3 Rac8 17.Rfc1 Kh8 
18.Bxb6 1-0

[Event "HCL-B070"]
[Site "www.playchess.de"]
[Date "2001.03.03"]
[Round "32"]
[White "OObuc"]
[Black "mrchess"]
[WhiteElo "1056"]
[BlackElo "1587"]
[PlyCount "84"]
[Result "0-1"]

1.e4 d6 2.Bc4 Nf6 3.f3 Nbd7 4.d4 e5 5.Bg5 Be7 6.d5 
c6 7.Nc3 O-O 8.dxc6 bxc6 9.Nge2 Rb8 10.b3 Qc7 
11.a4 Re8 12.a5 h6 13.Bxf6 Bxf6 14.b4 Rxb4 15.Nb5 
cxb5 16.Bd5 a6 17.c3 Ra4 18.Rxa4 bxa4 19.Qxa4 Bd8 
20.O-O Qxa5 21.Bc6 Qxa4 22.Bxa4 Bb6+ 23.Kh1 Re7 
24.Rd1 Bc5 25.Bxd7 Rxd7 26.Rd5 a5 27.c4 Rb7 28.Nc3 
Bd7 29.h4 Rb4 30.Nb5 Bxb5 31.cxb5 Rxb5 32.Kh2 a4 
33.f4 a3 34.Rd2 Rb2 35.Rd1 Bd4 36.Ra1 Rxg2+ 
37.Kxg2 Bxa1 38.fxe5 Bxe5 39.Kf3 a2 40.Kg4 a1Q 
41.Kf5 Qg1 42.h5 Qg5+ 0-1

[Event "HCL-B070"]
[Site "www.playchess.de"]
[Date "2001.03.03"]
[Round "33"]
[White "mrchess"]
[Black "Dictator"]
[WhiteElo "1587"]
[BlackElo "1075"]
[PlyCount "53"]
[Result "1-0"]

1.d4 d5 2.c4 dxc4 3.Nc3 c5 4.d5 Qa5 5.Qa4+ Qxa4 
6.Nxa4 Bd7 7.Nxc5 c3 8.bxc3 Na6 9.Nxb7 Nf6 10.e3 
Nc7 11.c4 e6 12.d6 Bc6 13.dxc7 Bxb7 14.Rb1 Be7 
15.Rxb7 O-O 16.Bd2 Ne4 17.Ba5 Nc5 18.Rb1 Rac8 
19.Nf3 Ne4 20.Ne5 Bd6 21.Nf3 Nd2 22.Nxd2 Rce8 
23.Ne4 Rec8 24.Nxd6 Rce8 25.Nxe8 Rxe8 26.Rb8 Rxb8 
27.cxb8Q+ 1-0

[Event "HCL-A040"]
[Site "www.playchess.de"]
[Date "2001.03.04"]
[Round "10"]
[White "vrad"]
[Black "Tassiac"]
[WhiteElo "1700"]
[BlackElo "1551"]
[PlyCount "101"]
[Result "1-0"]

1.Nf3 d5 2.g3 Nf6 3.Bg2 c6 4.O-O Bf5 5.d3 h6 6.b3 
Nbd7 7.Bb2 e6 8.Nbd2 Be7 9.e4 dxe4 10.dxe4 Bh7 
11.Ne5 O-O 12.f4 Bc5+ 13.Kh1 Nb6 14.Qe2 Qc7 
15.Rad1 Rad8 16.a3 Bd4 17.Ndc4 Bxb2 18.Nxb2 Nbd7 
19.Nxd7 Rxd7 20.Nc4 Rfd8 21.e5 Ne8 22.Rxd7 Rxd7 
23.Rd1 Qd8 24.Rxd7 Qxd7 25.Be4 Bxe4+ 26.Qxe4 Qd5 
27.Qxd5 cxd5 28.Na5 b6 29.Nc6 a6 30.Kg2 Kf8 31.Nb8 
Nc7 32.Nd7+ Ke7 33.Nxb6 Nb5 34.c4 dxc4 35.Nxc4 Kd7 
36.Kf2 Kc6 37.Ke3 Kc5 38.Kd3 f6 39.b4+ Kd5 40.a4 
Nc7 41.Ne3+ Kc6 42.exf6 gxf6 43.Ng4 Nd5 44.Nxh6 
Nxb4+ 45.Kc4 Nd5 46.h4 Ne3+ 47.Kd4 Nd5 48.Ng4 Kb6 
49.h5 f5 50.h6 Ne7 51.Ne5 1-0

[Event "HCL-A046"]
[Site "www.playchess.de"]
[Date "2001.03.04"]
[Round "32"]
[White "Gearloose"]
[Black "SSC"]
[WhiteElo "2016"]
[BlackElo "2187"]
[PlyCount "36"]
[Result "0-1"]

1.e4 d6 2.d4 Nf6 3.Nc3 Nbd7 4.Nf3 e5 5.Bc4 Be7 
6.Ng5 d5 7.exd5 O-O 8.O-O h6 9.Nf3 e4 10.Nd2 Nb6 
11.Bb3 Bf5 12.Re1 Bb4 13.d6 cxd6 14.Ne2 d5 15.c3 
Bd6 16.Nf1 Qc7 17.h3 Rac8 18.Neg3 
Bg6 0-1

[Event "HCL-A051"]
[Site "www.playchess.de"]
[Date "2001.03.04"]
[Round "1"]
[White "Spider"]
[Black "mel"]
[WhiteElo "1700"]
[BlackElo "1241"]
[PlyCount "67"]
[Result "1-0"]

1.e4 e6 2.d4 h6 3.Nc3 c6 4.Nf3 d6 5.Be3 Be7 6.Bd3 
Nf6 7.O-O b6 8.h3 b5 9.e5 Nd5 10.Nxd5 exd5 11.exd6 
Bxd6 12.Nh2 Be7 13.Re1 Nd7 14.Qg4 Nf6 15.Qxg7 Rg8 
16.Qxh6 Bf8 17.Bg5+ Be6 18.Qxf6 Qxf6 19.Bxf6 Kd7 
20.Ng4 Bxg4 21.hxg4 Rxg4 22.Bf5+ Kc7 23.Bxg4 Kb6 
24.a4 Bb4 25.c3 Bd6 26.axb5 Kxb5 27.Be7 Bf4 
28.Be2+ Kb6 29.Bc5+ Kb7 30.Ba6+ Kc7 31.Re7+ Kd8 
32.Rae1 Rb8 33.R7e8+ Kd7 34.R1e7+ 1-0

[Event "HCL-A056"]
[Site "www.playchess.de"]
[Date "2001.03.04"]
[Round "3"]
[White "Egmont"]
[Black "Vitalee"]
[WhiteElo "1900"]
[BlackElo "1900"]
[PlyCount "42"]
[Result "0-1"]

1.e4 e6 2.d3 d5 3.Nd2 Nf6 4.g3 dxe4 5.dxe4 Bc5 
6.Bg2 Nc6 7.Ngf3 e5 8.O-O O-O 9.c3 a5 10.Qc2 b6 
11.Nc4 Qe7 12.Be3 Ba6 13.b3 Bxc4 14.bxc4 Bxe3 
15.fxe3 Qc5 16.Qd3 Rad8 17.Qc2 Qxe3+ 18.Kh1 Rd3 
19.Rac1 Rfd8 20.Rfe1 Qc5 21.Bf1 
Rxf3 0-1

[Event "HCL-B090"]
[Site "www.playchess.de"]
[Date "2001.03.04"]
[Round "5"]
[White "jorgenio"]
[Black "rikkirich"]
[WhiteElo "1500"]
[BlackElo "1533"]
[PlyCount "69"]
[Result "1-0"]

1.e4 e6 2.d4 d6 3.Nc3 Nf6 4.Be3 Be7 5.Bd3 Nbd7 
6.f4 a6 7.Nf3 h6 8.O-O c5 9.f5 e5 10.dxe5 Nxe5 
11.Nxe5 dxe5 12.Qf3 b5 13.Rad1 Qc7 14.Qg3 Bf8 
15.a4 c4 16.Be2 Bd7 17.Nd5 Nxd5 18.Rxd5 O-O-O 
19.axb5 Bxb5 20.Rxd8+ Qxd8 21.Qxe5 Qd6 22.Qc3 Qb4 
23.Qd4 f6 24.Qa7 Qd6 25.Bf4 Qc5+ 26.Be3 Qxa7 
27.Bxa7 Kb7 28.Be3 Bd6 29.Rd1 Rd8 30.c3 Rd7 31.Kf2 
a5 32.Ra1 Bc7 33.b3 Bb6 34.bxc4 Ba6 
35.Rb1 1-0

[Event "HCL-B090"]
[Site "www.playchess.de"]
[Date "2001.03.04"]
[Round "6"]
[White "patisab"]
[Black "jorgenio"]
[WhiteElo "1500"]
[BlackElo "1500"]
[PlyCount "49"]
[Result "1-0"]

1.e4 c5 2.Nf3 d6 3.d4 cxd4 4.Nxd4 Nf6 5.Nc3 g6 
6.f3 Bg7 7.Bc4 O-O 8.Be3 Nc6 9.Qd2 Ne5 10.Bb3 Bd7 
11.O-O-O Qa5 12.Kb1 Rac8 13.Nd5 Qd8 14.Bh6 e6 
15.Nxf6+ Bxf6 16.Bxf8 Qxf8 17.h4 Nc4 18.Bxc4 Rxc4 
19.Qe3 Qc8 20.c3 b5 21.Ne2 b4 22.Rdc1 bxc3 23.Nxc3 
Qb7 24.g3 Bd4 25.Qd2 1-0

[Event "HCL-B122"]
[Site "www.playchess.de"]
[Date "2001.03.04"]
[Round "24"]
[White "Zander"]
[Black "pird"]
[WhiteElo "1200"]
[BlackElo "1486"]
[PlyCount "34"]
[Result "0-1"]

1.d4 f5 2.Nf3 Nf6 3.Nc3 g6 4.b3 Bg7 5.e3 O-O 6.Bd3 
d6 7.Ng5 h6 8.Ne6 Bxe6 9.O-O c5 10.dxc5 Nd5 11.Bc4 
Nxc3 12.Bxe6+ Kh8 13.Qd3 Ne2+ 14.Qxe2 Bxa1 15.Bd2 
Bg7 16.Bd5 Nc6 17.e4 Nd4 0-1

[Event "HCL-B142"]
[Site "www.playchess.de"]
[Date "2001.03.04"]
[Round "4"]
[White "Matu"]
[Black "tuzlak"]
[WhiteElo "1513"]
[BlackElo "700"]
[PlyCount "23"]
[Result "1-0"]

1.e4 e5 2.Nf3 Nc6 3.Bb5 a6 4.Ba4 Nf6 5.O-O b5 
6.Bb3 Bc5 7.d3 O-O 8.Bg5 Nd4 9.Nxe5 Nxb3 10.axb3 
d6 11.Nc6 Qd7 12.Bxf6 1-0

[Event "HCL-B147"]
[Site "www.playchess.de"]
[Date "2001.03.04"]
[Round "5"]
[White "traga"]
[Black "Rosenstielke"]
[WhiteElo "1520"]
[BlackElo "1200"]
[PlyCount "47"]
[Result "1/2-1/2"]

1.e4 c5 2.Nf3 Nf6 3.e5 Nd5 4.d4 cxd4 5.Qxd4 e6 
6.Bg5 Qc7 7.c4 Bc5 8.Qd1 Ne7 9.Nc3 Ng6 10.Nb5 Qb6 
11.Qd2 Nc6 12.a3 a5 13.Nd6+ Kf8 14.Rd1 Ngxe5 
15.Nxe5 Nxe5 16.Ne4 f6 17.Bf4 a4 {17. Nxf6-gxf6 , 
18. Bxf6-...looks intresting !?}  18.Be2 {sorry, 
at the moment little time to play!}  Nf7 19.Nxc5 
Qxc5 20.O-O g6 21.Be3 Qa5 22.c5 Qxd2 23.Rxd2 Ra5 
24.h4 1/2-1/2

[Event "HCL-C120"]
[Site "www.playchess.de"]
[Date "2001.03.04"]
[Round "10"]
[White "DrNickRiviera"]
[Black "Petra"]
[WhiteElo "1000"]
[BlackElo "1182"]
[PlyCount "78"]
[Result "0-1"]

1.e4 e6 2.Nf3 d5 3.Nc3 Be7 4.a3 b6 5.b4 Ba6 6.b5 
Bb7 7.g3 Nd7 8.h4 Ngf6 9.e5 Ng4 10.d4 O-O 11.Bh3 
f5 12.h5 h6 13.Bxg4 fxg4 14.Nh4 Qe8 15.Qxg4 Bxh4 
16.gxh4 Qf7 17.Bxh6 Kh7 18.Qg5 Rfg8 19.Qg6+ Qxg6 
20.hxg6+ Kxh6 21.Rg1 Rgf8 22.O-O-O Rxf2 23.Rgh1 
Raf8 24.h5 c6 25.a4 c5 26.Kb2 cxd4 27.Rxd4 Nxe5 
28.Nd1 Rd2 29.Rdh4 Nc4+ 30.Kc1 d4 31.Re1 Na3 
32.Kb2 Nxc2 33.Kc1 Nxe1 34.Nb2 Nf3 35.Rh3 Rc8+ 
36.Kb1 d3 37.Ka2 Bd5+ 38.Ka3 a5 39.Nd1 
Rxd1 0-1

[Event "HCL-C145"]
[Site "www.playchess.de"]
[Date "2001.03.04"]
[Round "1"]
[White "Chopz8va"]
[Black "Nunogomez"]
[WhiteElo "1181"]
[BlackElo "849"]
[PlyCount "27"]
[Result "1-0"]

1.d4 c6 2.e4 Nf6 3.Nc3 d5 4.Bd3 dxe4 5.Bxe4 e5 
6.dxe5 Qxd1+ {Ooopsy}  7.Kxd1 Ng4 8.Be3 Nxe5 9.Nf3 
Bg4 10.h3 Bxf3+ 11.gxf3 Bb4 12.Bd4 Nbd7 13.Rg1 g6 
14.Bxe5 1-0

[Event "HCL-C146"]
[Site "www.playchess.de"]
[Date "2001.03.04"]
[Round "5"]
[White "Chill"]
[Black "ictus"]
[WhiteElo "466"]
[BlackElo "1152"]
[PlyCount "40"]
[Result "0-1"]

1.c4 e6 2.d4 Nf6 3.Nc3 Bb4 4.Qc2 d5 5.Bg5 h6 6.Bh4 
c5 7.e3 Nc6 8.Nf3 g5 9.Bg3 Ne4 10.Be2 Nxg3 11.hxg3 
g4 12.Ne5 Nxe5 13.dxe5 d4 14.Rd1 Qb6 15.exd4 cxd4 
16.Bxg4 dxc3 17.bxc3 Bc5 18.Qa4+ Bd7 19.Qxd7+ Kf8 
20.O-O h5 0-1

[Event "HCL-E018"]
[Site "www.playchess.de"]
[Date "2001.03.04"]
[Round "6"]
[White "Merscheid"]
[Black "Goofy"]
[WhiteElo "2289"]
[BlackElo "2122"]
[PlyCount "53"]
[Result "1-0"]

1.e4 c5 2.Nf3 Nc6 3.Nc3 e6 4.Bb5 Nd4 5.O-O a6 
6.Bd3 g6 7.Nxd4 cxd4 8.Ne2 Bg7 9.c3 d5 10.Nxd4 Ne7 
11.Nf3 O-O 12.Bc2 e5 13.d4 Bg4 14.dxe5 Bxe5 
15.exd5 Nxd5 16.Be4 Bxf3 17.Qxf3 Nc7 18.Bxb7 Rb8 
19.Rd1 Qe7 20.Bh6 Qh4 21.Bxf8 Bxh2+ 22.Kf1 Kxf8 
23.Rd4 Qe7 24.Bc6 Rxb2 25.Re1 Ne6 26.Rd7 Qe8 
27.Rb7 1-0